000 00425nam a2200169Ia 4500
008 170705s9999 xx 000 0 und d
020 _a9780670882571
245 _aFroggy plays soccer /
245 _cby Jonathan London ; illustrated by Frank Remkiewicz.
260 _aNew York :
260 _bViking,
260 _c1999
300 _aunpaged :
300 _bcolor illustration ;
300 _c21cm.
500 _a100
999 _c337276
_d337276